Prechádzky staršou slovenskou fantastikou

Bibliographic Details
Main Author: Žarnay, Jozef, 1944- (Author)
Format: Article
Language:Slovak
Subjects:

MARC

LEADER 00000nab a2200000 a 4500
001 vtls000562101
003 SK-MaSNL
005 20260304101130.0
008 250426c1995 xo 0 slo
015 |a SNBRB19rr/mm-uuuuu 
035 |a CL0562239 
035 |a urn:nbn:sk:snk-abepcd 
035 |a (urnnbn)urn:nbn:sk:snk:ar-000f2s 
035 |a (uuid)96926765-7f44-41b7-9b7e-79512cb64639 
040 |a SNKBUCL  |b slo  |c SNKBUCL  |e AACR2 
041 0 |a slo 
044 |a xo  |c SK 
080 |a 82.0:82-1/-9(091)  |2 1981 
080 |a 82(091):885.4"18/19"  |2 1981 
080 |a 885.4(091)"18/19"  |2 1981 
100 1 |a Žarnay, Jozef,  |d 1944-  |4 aut  |9 103401 
245 1 0 |a Prechádzky staršou slovenskou fantastikou  |c Jozef Žarnay 
650 0 7 |a literatúra vedecko-fantastická slovenská  |2 snkbucl  |9 996301 
655 7 |a články z novín a časopisov  |2 snkbucl  |9 267496 
655 7 |a články z odboru literárna veda a krásna literatúra  |2 snkbucl  |9 770045 
773 0 |t Slovenské pohľady  |g Roč. 4+111, č. 10 (1995), s. 48-50 
850 |a Slovenská národná knižnica 
852 |a Slovenská národná knižnica 
958 |a article27 
958 |a RK 
958 |a LX 
958 |a SK 
958 |a OND 
958 |a EUIPO 
992 |a RBX 
999 |c 2840812  |d 2842742